004150000a2200109000450000500170000000800410001708200170005824501070007526000610018230000380024365000240028120231213122347.0230817t1989 ||||| |||| 00| 0 eng d a370.954bEDU aEducation and Training in Sri Lanka: (An Asian Development Bank Sponsored Project)bOverview: nVol. 1 aNew Delhi:bEducational Consultants India Limited,c1989 axl, 358 p.bBibliography included aEDUCATION-Sri Lanka